[Event "Budapest-chT1 Lilienthal 1718"]
[Site "Budapest"]
[Date "2018.03.11"]
[Round "11"]
[White "Valaczkai, David Mark"]
[Black "Nemeth, Zeteny"]
[Result "1-0"]
[WhiteElo "1740"]
[BlackElo "1459"]
[PlyCount "81"]
[EventDate "2017.10.01"]
[EventType "team-tourn"]
[EventRounds "13"]
[EventCountry "HUN"]
[SourceTitle "EXT 2021"]
[Source "ChessBase"]
[SourceDate "2020.10.23"]
[SourceVersion "1"]
[SourceVersionDate "2020.10.23"]
[SourceQuality "1"]
[WhiteTeam "SENSE"]
[BlackTeam "Barcza GSC"]
[WhiteTeamCountry "HUN"]
[BlackTeamCountry "HUN"]

1. d4 Nf6 2. Bf4 c5 3. e3 Nc6 4. c3 g6 5. d5 Nb8 6. g3 d6 7. Bg2 Bg7 8. Nf3 0-0 9. Bg5 Bg4 10. Bxf6 Bxf6 11. 0-0 Nd7 12. e4 Ne5 13. h3 Nxf3+ 14. Kh1 Nh2 15. hxg4 Nxf1 16. Qxf1 Bg7 17. Bh3 Rb8 18. a4 a6 19. Nd2 b5 20. a5 e6 21. dxe6 fxe6 22. Kg2 d5 23. Qe2 Qd6 24. Rh1 Rb7 25. f4 dxe4 26. Nxe4 Qd5 27. Kg1 Rd7 28. Kf2 b4 29. g5 Rdd8 30. Nf6+ Rxf6 31. gxf6 Qxh1 32. Qxe6+ Kh8 33. fxg7+ Kxg7 34. Qe7+ Kh6 35. Qxd8 Qxh3 36. Qf8+ Kh5 37. Qxc5+ Kh6 38. Qg5+ Kg7 39. Qe7+ Kh6 40. Qh4+ Qxh4 41. gxh4 1-0